| 000 | 01421cam a2200361 i 4500 | ||
|---|---|---|---|
| 001 | 18151427 | ||
| 003 | EG-ScBUE | ||
| 005 | 20220313143000.0 | ||
| 008 | 140514s2015 nyu f 001 0 eng d | ||
| 020 | _a9780486789767 (pbk.) | ||
| 020 | _a0486789764 (pbk.) | ||
| 040 |
_aDLC _beng _erda _cDLC _dEG-ScBUE |
||
| 082 | 0 | 4 |
_a515.9 _222 _bHEi |
| 100 | 1 |
_aHeins, Maurice, _d1915- _eauthor. |
|
| 245 | 1 | 0 |
_aSelected topics in the classical theory of functions of a complex variable / _cMaurice Heins. |
| 250 | _aDover edition. | ||
| 264 | 1 |
_aMineola, New York : _bDover Publications, Inc., _c2015. |
|
| 300 |
_axi, 160 pages ; _c23 cm |
||
| 336 |
_atext _2rdacontent _btxt |
||
| 337 |
_aunmediated _2rdamedia _bn |
||
| 338 |
_avolume _2rdacarrier _bnc |
||
| 500 | _aOriginally published: New York : Holt, Rinehart and Winston, 1962. | ||
| 500 | _aIncludes index. | ||
| 650 | 7 |
_aFunctions of complex variables. _2BUEsh _934488 |
|
| 653 |
_bGGEN _cMarch2022 |
||
| 655 |
_vReading book _934232 |
||
| 856 | 4 | 2 |
_3Publisher description _uhttp://www.loc.gov/catdir/enhancements/fy1408/2014018935-d.html |
| 856 | 4 | 2 |
_3Contributor biographical information _uhttp://www.loc.gov/catdir/enhancements/fy1408/2014018935-b.html |
| 906 |
_a7 _bcbc _corignew _d1 _eecip _f20 _gy-gencatlg |
||
| 942 |
_2ddc _cBB |
||
| 999 |
_c29862 _d29833 |
||